| 000 | 00603nam a22001817a 4500 | ||
|---|---|---|---|
| 005 | 20231108064924.0 | ||
| 008 | 231108b |||||||| |||| 00| 0 eng d | ||
| 020 | _a0409053155 ; 0409053147 | ||
| 041 | _aEnglish | ||
| 082 | _a346.4 SIL | ||
| 100 |
_aKleyn, DG and Boraine, A _lEnglish |
||
| 245 |
_aSilberberg and Schoeman's: The Law of Property / _cDG Kleyn and A Boraine |
||
| 250 | _aThird Edition | ||
| 260 |
_aDurban : _bButterworth Publishers (Pty) Ltd, _c1992 |
||
| 300 |
_bxviii, 594 pages ; _c24,8 cm. |
||
| 650 |
_aLegal practice _bLaw |
||
| 942 |
_cBK _6ALISON_BN_VRIES |
||
| 999 |
_c397 _d397 |
||